First world congress on medicinal and aromatic plants for human welfare WOCMAP: botanical aspects, genetic resources, genetics, breeding, biotechnology
Saved in:
| Main Authors: | , |
|---|---|
| Format: | Bog |
| Sprog: | engelsk |
| Udgivet: |
Wageningen
ISHS
1993
|
| Serier: | Acta Horticulturae, 330
|
| Fag: | |
| Tags: |
Tilføj Tag
Ingen Tags, Vær først til at tagge denne postø!
|
MARC
| LEADER | 00000nam a2200000 a 4500 | ||
|---|---|---|---|
| 001 | UCX8517 | ||
| 003 | CL-VaPUC | ||
| 005 | 20220824074410.0 | ||
| 008 | 940412e19930000ne 1 eng d | ||
| 082 | 0 | 4 | |a 633.88 |b BER |2 21 |
| 100 | 1 | |a Bernath, J |e author |9 616933 | |
| 700 | 1 | |a Craker, L. E |e author |9 616934 | |
| 245 | 1 | 0 | |a First world congress on medicinal and aromatic plants for human welfare WOCMAP: botanical aspects, genetic resources, genetics, breeding, biotechnology |
| 260 | |a Wageningen |b ISHS |c 1993 | ||
| 300 | |a 298 p | ||
| 490 | 0 | |a Acta Horticulturae, 330 | |
| 583 | |a last modification |c 20190821 08:56:10 |k Rodrigo Vera | ||
| 650 | 0 | 0 | |a Plantas medicinales |9 334373 |
| 942 | |c BK | ||
| 945 | |a mfernand |d 19940412 00:00:00 | ||
| 546 | |a En Inglés | ||
| 536 | |a ISHS | ||
| 518 | |p World Congress on Medical and Aromatic Plants of Human Welfare WOCMAP, 1, Maastricht, 1992 | ||
| 999 | |c 382200 |d 382198 | ||